|
|
|
|
| LEADER |
00000nam a2200000 a 4500 |
| 001 |
vtls001423862 |
| 003 |
SK-MaSNL |
| 005 |
20260413122215.0 |
| 008 |
251113s2001 xo a rab 0 slo |
| 015 |
|
|
|a SNBA2002/01-00305
|
| 020 |
|
|
|a 8096852515
|
| 035 |
|
|
|a SNK000378740
|
| 040 |
|
|
|a SNK
|b slo
|c SNK
|e AACR2
|
| 041 |
0 |
|
|a slo
|
| 044 |
|
|
|a xo
|c SK
|
| 080 |
|
|
|a 820 (73)-3
|2 1981
|
| 100 |
1 |
|
|a Bernall, Misty
|4 aut
|9 584707
|
| 240 |
1 |
0 |
|a She said yes
|l Slovensky
|
| 245 |
1 |
0 |
|a Povedala áno
|b nečakané svedectvo Cassie Bernallovej
|c Misty Bernallová ; [z anglického originálu preložili Mária Hanulová a Martina Koyšová]
|
| 260 |
|
|
|a Bratislava
|b Redemptoristi
|b LÚČ
|c 2001
|
| 300 |
|
|
|a 138 s.
|b fotogr.
|c 20 cm
|
| 490 |
1 |
|
|a Beletria
|
| 500 |
|
|
|a Údaj o prekl. prevzatý z tiráže
|
| 650 |
0 |
7 |
|a príbehy biografické americké
|2 SNK
|9 298273
|
| 655 |
|
7 |
|a umelecká literatúra
|2 SNK
|9 60405
|
| 700 |
1 |
|
|a Hanulová, Mária
|4 trl
|9 584708
|
| 700 |
1 |
|
|a Koyšová, Martina
|4 trl
|9 495515
|
| 730 |
|
|
|t She said yes
|9 584709
|
| 810 |
2 |
|
|a Redemptoristi (Bratislava, Slovensko)
|t Beletria
|9 584710
|
| 852 |
|
|
|a Slovenská národná knižnica
|
| 919 |
|
|
|a 80-968525-1-5
|
| 954 |
|
|
|a beletria cudzojazyčná (svetová)
|2 lita
|
| 958 |
|
|
|a TL
|
| 958 |
|
|
|a UP
|
| 958 |
|
|
|a LX
|
| 958 |
|
|
|a NS
|
| 958 |
|
|
|a BC
|
| 999 |
|
|
|c 899201
|d 901131
|
| 952 |
|
|
|t P60, <03>, [BOOK], {603}
|a SNK
|b SNK
|y PREZ
|7 0
|p 17A0322169
|o snkSD 71886
|i snkKSP 12777/2001
|0 0
|1 0
|4 0
|d 2001-11-13
|l 0
|r 2005-01-02 00:00:00
|w 2026-02-24
|
| 952 |
|
|
|t P60, <04>, [BOOK], {604}
|a SNK
|b SNK
|y VYP
|7 0
|p 17A0322170
|o snkSD 71886 D1
|i snkKSP 12778/2001
|0 0
|1 0
|4 0
|d 2001-11-13
|l 0
|r 2005-01-02 00:00:00
|w 2026-02-24
|